Normal view MARC view

Entry Uniform Title

Number of records used in: 2

001 - CONTROL NUMBER

  • control field: 53750

003 - CONTROL NUMBER IDENTIFIER

  • control field: dpl

005 - DATE AND TIME OF LATEST TRANSACTION

  • control field: 20121123143455.0

008 - FIXED-LENGTH DATA ELEMENTS

  • fixed length control field: 121123|||a|||||| | ||| d

040 ## - CATALOGING SOURCE

  • Original cataloging agency: dpl
  • Transcribing agency: dpl

130 ## - HEADING--UNIFORM TITLE

  • Uniform title: Shree Young Classics

670 ## - SOURCE DATA FOUND

  • Source citation: Work cat.: (dpl)62145: Tales from shakespear julius caesar & other stories /, 2011

670 ## - SOURCE DATA FOUND

  • Source citation: Work cat.: (dpl)62145: Tales from shakespear julius caesar & other stories /, 2011

© Delhi Public Library
Hit Counter
free hit counter